Svedomie (Record no. 20956)
[ view plain ]
| 000 -LEADER | |
|---|---|
| fixed length control field | 01412nam a2200385 a 4500 |
| 001 - CONTROL NUMBER | |
| control field | 20956 |
| 003 - CONTROL NUMBER IDENTIFIER | |
| control field | VRT |
| 005 - DATE AND TIME OF LATEST TRANSACTION | |
| control field | 20260207114352.0 |
| 008 - FIXED-LENGTH DATA ELEMENTS--GENERAL INFORMATION | |
| fixed length control field | 130315s1947 xo slo c |
| 035 ## - SYSTEM CONTROL NUMBER | |
| System control number | a000473194 |
| 039 #9 - LEVEL OF BIBLIOGRAPHIC CONTROL AND CODING DETAIL [OBSOLETE] | |
| Level of rules in bibliographic description | 201303151803 |
| Level of effort used to assign nonsubject heading access points | pecivova |
| 040 ## - CATALOGING SOURCE | |
| Original cataloging agency | SNK |
| Language of cataloging | slo |
| Transcribing agency | UKB |
| Modifying agency | UKB |
| 041 1# - LANGUAGE CODE | |
| Language code of text/sound track or separate title | slo |
| 044 ## - COUNTRY OF PUBLISHING/PRODUCING ENTITY CODE | |
| MARC country code | xo |
| ISO country code | SK |
| 080 ## - UNIVERSAL DECIMAL CLASSIFICATION NUMBER | |
| Universal Decimal Classification number | 885.4-2 |
| Edition identifier | 1. stred., slo |
| 100 1# - MAIN ENTRY--PERSONAL NAME | |
| Personal name | Vansová, Terézia, |
| Dates associated with a name | 1857-1942 |
| Relationship | aut |
| 245 10 - TITLE STATEMENT | |
| Title | Svedomie |
| Remainder of title | hra v 5 dejstvách |
| Statement of responsibility, etc. | Terézia Vansová |
| 250 ## - EDITION STATEMENT | |
| Edition statement | 5. vyd. |
| 260 ## - PUBLICATION, DISTRIBUTION, ETC. | |
| Place of publication, distribution, etc. | Turčiansky Sv. Martin |
| Name of publisher, distributor, etc. | Ústredie slovenských ochotníckych divadiel v nakl. Matice slovenskej |
| Date of publication, distribution, etc. | 1947 |
| Place of manufacture | Turčiansky Sv. Martin |
| Manufacturer | Neografia |
| 300 ## - PHYSICAL DESCRIPTION | |
| Extent | 82, [1] s. |
| 490 1# - SERIES STATEMENT | |
| Series statement | Divadelná knižnica |
| Volume/sequential designation | sv. 42 |
| 650 07 - SUBJECT ADDED ENTRY--TOPICAL TERM | |
| Topical term or geographic name entry element | slovenské drámy |
| 655 #7 - INDEX TERM--GENRE/FORM | |
| Genre/form data or focus term | umelecká literatúra |
| Source of term | SNKPH |
| 830 #0 - SERIES ADDED ENTRY--UNIFORM TITLE | |
| Uniform title | Divadelná knižnica |
| Volume/sequential designation | sv. 42 |
| 910 ## - USER-OPTION DATA (OCLC) | |
| User-option data | ukb |
| 942 ## - ADDED ENTRY ELEMENTS (KOHA) | |
| Source of classification or shelving scheme | Dewey Decimal Classification |
| Koha item type | Krásna literatúra pre dospelých |
| Suppress in OPAC | No |
| 949 ## - LOCAL PROCESSING INFORMATION (OCLC) | |
| 6 | 1800573082 |
| a | 22.G.00353 |
| b | RF.2323-65 |
| 949 ## - LOCAL PROCESSING INFORMATION (OCLC) | |
| 6 | 1800573083 |
| a | S.G.09817 |
| b | PV.859-47 |
| Stav vyradenia | Strata | Poškodenie | Spôsob nadobudnutia | Domovská knižnica | Aktuálna knižnica | Dátum nadobudnutia | Total checkouts | Čiarový kód exemplára | Date last seen | Typ exemplára | Verejná poznámka |
|---|---|---|---|---|---|---|---|---|---|---|---|
| Dar | Obecná knižnica Horná Štubňa | Obecná knižnica Horná Štubňa | 07.02.2026 | 4736201127 | 07.02.2026 | Krásna literatúra pre dospelých | divadelná hra |
